[Event "URS-ch U26"]
[Site "Tbilisi"]
[Date "1989.??.??"]
[Round "?"]
[White "Ulybin, Mikhail"]
[Black "Dautov, Rustem"]
[Result "0-1"]
[WhiteElo "2445"]
[BlackElo "2535"]
[Annotator "Bulletin"]
[PlyCount "168"]
[EventDate "1989.01.??"]
[EventType "tourn"]
[EventRounds "15"]
[EventCountry "URS"]
[EventCategory "9"]
[SourceTitle "CBM 012"]
[Source "ChessBase"]
[SourceDate "1989.10.01"]
[SourceVersion "1"]
[SourceVersionDate "1989.10.01"]
[SourceQuality "1"]

1. e4 c6 2. d4 d5 3. Nd2 dxe4 4. Nxe4 Nd7 5. Ng5 Ngf6 6. Bd3 e6 7. N1f3 Be7 8.
O-O h6 9. Ne4 Nxe4 10. Bxe4 Nf6 11. Bd3 O-O 12. Ne5 c5 13. dxc5 Bxc5 14. Re1
Nd7 15. Bf4 Bd4 16. Bh7+ Kxh7 17. Qxd4 Nxe5 18. Qxe5 Qf6 19. Qe4+ Qg6 20. Qb4
Rd8 21. c4 b6 22. Bg3 Bb7 23. c5 Bd5 24. cxb6 Rdb8 25. Qd4 Rxb6 26. b4 Rc8 27.
a3 Rc4 28. Qe3 h5 29. f3 h4 30. Be5 Rbc6 31. Re2 h3 32. g3 f6 33. Bd4 Qf5 34.
Bc5 a5 35. Rf1 axb4 36. axb4 Ra6 37. Rd2 Rc2 38. g4 Qg6 39. Rfd1 Rxd2 40. Rxd2
Ra1+ 41. Kf2 Kg8 42. Kg3 Rb1 43. Qd3 f5 $1 {/\ 44...Rb3} 44. Bd4 Rxb4 45. Bc3
f4+ 46. Kf2 (46. Kxh3 $2 Qxd3 47. Rxd3 Rb3 {/\ 48...Kh7, 49...Bc4}) 46... Qxd3
47. Rxd3 Rb3 48. Ke1 Kf7 49. Kd2 Rb1 50. g5 Rh1 51. Rd4 Rxh2+ 52. Kd3 Rf2 53.
Rxf4+ Kg6 54. Be5 Kxg5 55. Ke3 h2 56. Rg4+ Kf5 57. Rh4 Rxf3+ 58. Kd4 Rb3 59.
Rh5+ g5 60. Bxh2 Kg4 61. Rh8 Ra3 62. Bd6 Ra7 63. Rg8 Rf7 64. Be5 Rf5 65. Rg7
Kf3 66. Rg8 g4 67. Rg6 Rf8 68. Bd6 Ra8 69. Rf6+ Ke2 70. Rg6 Ra4+ 71. Kc5 Kf2
72. Rf6+ Kg2 73. Rg6 Rc4+ 74. Kb5 Re4 75. Kc5 Bb3 76. Bc7 Bc2 77. Rg8 Bd3 78.
Kd6 Rd4+ 79. Ke7 Bf5 80. Kf6 Ra4 81. Kg5 Kf2 82. Bb6+ Kf3 83. Kh4 Kf4 84. Bc7+
e5 0-1

[Event "Vidmar Memorial 20th"]
[Site "Bled"]
[Date "2016.06.25"]
[Round "2"]
[White "Naiditsch, Arkadij"]
[Black "Nisipeanu, Liviu Dieter"]
[Result "0-1"]
[WhiteElo "2657"]
[BlackElo "2668"]
[Annotator "CB"]
[PlyCount "52"]
[EventDate "2016.06.24"]
[EventType "tourn"]
[EventRounds "9"]
[EventCountry "SLO"]
[EventCategory "15"]
[SourceTitle "CBM 173"]
[Source "ChessBase"]
[SourceDate "2016.07.12"]
[SourceVersion "1"]
[SourceVersionDate "2016.07.12"]
[SourceQuality "1"]
[TimeControl "6000+1100"]
[WhiteClock "0:11:39"]
[BlackClock "0:13:30"]

1. e4 e6 2. d4 d5 3. Nc3 Nf6 4. Bg5 dxe4 5. Nxe4 Nbd7 6. Nf3 h6 7. Nxf6+ Nxf6
8. Bxf6 (8. Bh4 {ist die Hauptvariante}) 8... Qxf6 9. Bb5+ c6 10. Bd3 Bd6 11.
Qe2 Bd7 {Schwarz hat das Läuferpaar, steht dafür allerdings passiv und muss
versuchen sich mittels ...c5 oder ...e5 zu befreien.} 12. O-O-O O-O-O 13. Kb1
Kb8 14. Be4 {Diagramm [#]} e5 $5 $146 (14... g5 {die Koryphäe der
Französischen Verteidigung, Viktor Kortschnoj, behandelte die Stellung weniger
konkret und fuhr damit ebenfalls gut.} 15. Nd2 Qe7 16. Nc4 f5 17. Bd3 c5 18.
dxc5 Bxc5 19. Ne5 Rhg8 20. Nxd7+ {1/2-1/2 (20) Svidler,P (2695)-Kortschnoj,V 
(2617) Biel 2001}) 15. dxe5 Bxe5 16. Bxc6 Bxc6 17. Nxe5 Bxg2 18. Rhe1 Bh3 {
Weiß hat etwas Initiative, Schwarz jedoch die bessere Struktur und einen
potentiell sehr starken Läufer} 19. c4 $2 {Ein unerklärlicher Aussetzer
Naiditschs} (19. b3 Rhe8 20. Rxd8+ Rxd8 21. Qe3 Be6 {und die schwarze Stellung
gefällt etwas besser}) 19... Rxd1+ 20. Rxd1 Re8 21. Rd5 Be6 {und die weiße
Stellung ist bereits schwierig} 22. Ra5 $2 (22. Rd4 Bf5+ {[%cal Gf6e5]}) (22.
Qe3 $142 Qh4 $13 (22... Bxd5 23. Nd7+ Kc8 24. Qxe8+ Qd8 25. Qxd8+ Kxd8 26. Nc5
Bxc4 27. Nxb7+ Kd7 $15)) 22... Qf5+ 23. Ka1 Qf4 {[%cal Gf4c1]} 24. Qd1 Qxf2 25.
c5 Bd5 26. Nd3 Qe2 0-1

[Event "Grenke Chess Classic 1st"]
[Site "Baden-Baden"]
[Date "2013.02.15"]
[Round "8"]
[White "Anand, Viswanathan"]
[Black "Meier, Georg"]
[Result "1/2-1/2"]
[WhiteElo "2780"]
[BlackElo "2640"]
[Annotator "CB"]
[PlyCount "111"]
[EventDate "2013.02.07"]
[EventType "tourn"]
[EventRounds "10"]
[EventCountry "GER"]
[EventCategory "19"]
[SourceTitle "CBM 153"]
[Source "ChessBase"]
[SourceDate "2013.03.14"]
[SourceVersion "1"]
[SourceVersionDate "2013.03.14"]
[SourceQuality "1"]

1. e4 e6 2. d4 d5 3. Nc3 dxe4 4. Nxe4 Nd7 5. Nf3 Ngf6 6. Nxf6+ Nxf6 7. Be3 Bd6
8. Bd3 O-O 9. Qe2 b6 10. O-O-O Bb7 11. c4 c5 12. dxc5 bxc5 13. Ng5 h6 14. Nh7
Nxh7 15. Bxh7+ Kxh7 16. Qd3+ Kg8 {was flagged as an inaccuracy by Meier, who'd
missed Anand's later zwischenzug 20.Qg3!} (16... f5 $5) 17. Qxd6 Qa5 18. Kb1
Be4+ 19. Ka1 Bc2 20. Qg3 $1 Kh7 21. Bd2 Qa4 22. b3 {White was on top, and
there were flashes of the Anand of old as he moved quickly and confidently.}
Qc6 23. Bc3 Bg6 24. Rd6 Qe4 25. Re1 Qc2 26. Rd2 Qf5 27. Qe5 f6 28. Qxf5 Bxf5
29. Ba5 {playing 29.Ba5 instantly and with a flourish. It was clear the
champion felt it would just be a matter of time before he picked up one or
more of Black's pawns and converted a full point. The curious thing for this
observer, at least, was that Meier was also playing quickly, with the players
reaching the time control with 30 minutes to spare each. He explained
afterwards that it wasn't a case of confidence in his position but simply that
it was relatively straightforward to play, and his one idea was to push his
h-pawn as he did in the game.} Rf7 30. Red1 g5 31. Rd6 Rc8 32. Rd7 Rcf8 33.
R1d6 Kg6 34. Bd2 e5 35. Rxf7 Rxf7 36. Be3 Rc7 37. Ra6 h5 38. Kb2 h4 39. Ra5 Rd7
40. Bxc5 {Anand regretted playing this, since it allowed Meier to play} ({
it seems Meier was correct to point out that} 40. Kc1 {wouldn't be a huge
improvement after} Be4 $1) 40... Rd1 $1 {and use his rook to harass White's
kingside pawns.} 41. Ra6 Bc8 42. Rxa7 Rh1 43. Rc7 Bf5 44. h3 Rh2 45. a4 Rxg2
46. a5 g4 47. hxg4 Bxg4 {Despite Anand's disappointment it's not clear that
either player went far wrong in the ending. When Adams and Fridman discussed
the game in their press conference they realised it was White who had to be
careful as the h-pawn couldn't be stopped. It looked daunting, but both
players had seen the drawing lines.} 48. a6 h3 49. a7 Bf3 50. Rd7 h2 51. Rd5 $1
{ensured White also queened and Meier was unable to prevent the white queen
and bishop from delivering perpetual check. All in all, despite the misgivings
of the participants, it seems it was objectively a well-played game.} Bxd5 52.
cxd5 h1=Q 53. a8=Q Rg1 54. Qg8+ Kf5 55. Qe6+ Kg6 56. Qg8+ 1/2-1/2

[Event "Douglas PokerStars op"]
[Site "Douglas"]
[Date "2015.10.05"]
[Round "3"]
[White "Howell, David"]
[Black "Arkell, Keith C"]
[Result "1-0"]
[WhiteElo "2705"]
[BlackElo "2505"]
[Annotator "CB"]
[PlyCount "55"]
[EventDate "2015.10.03"]
[EventType "swiss"]
[EventRounds "9"]
[EventCountry "IOM"]
[SourceTitle "CBM 168 Extra"]
[Source "ChessBase"]
[SourceDate "2015.10.29"]
[SourceVersion "1"]
[SourceVersionDate "2015.10.29"]
[SourceQuality "1"]

1. e4 e6 2. d4 d5 3. Nc3 dxe4 4. Nxe4 Bd7 5. Nf3 Bc6 6. Bd3 Nd7 7. O-O Ngf6 8.
Neg5 Bd6 9. Re1 Bxf3 10. Qxf3 {[#]} h6 $2 {Lädt zum nächsten Zug ein.} (10...
c6) 11. Nxe6 (11. Rxe6+ fxe6 12. Nxe6 Qb8 13. Bg6+ Ke7 14. Qe2 $18 {war auch
eine Überlegung wert.}) 11... fxe6 12. Rxe6+ Kf7 13. Bc4 Kf8 14. Qf5 Nb6 15.
Bb3 {[#] Schwarz steht einfach dauerhaft unter Beschuss.} Be7 16. Bd2 c5 17.
dxc5 Qxd2 18. cxb6 Qg5 19. Qf3 axb6 20. Rxe7 Kxe7 21. Qxb7+ Kd6 {[#] Der
König im Zentrum: Überlebenschance = 0.} 22. Qxb6+ Ke5 23. Qe6+ Kf4 24. g3+
Kf3 25. Bc4 Ne4 26. Be2+ Kxe2 27. Qxe4+ Kd2 {[#]} 28. Qd3# 1-0

[Event "Seville op 41st"]
[Site "Seville"]
[Date "2016.01.15"]
[Round "8.2"]
[White "Fernandez Romero, Ernesto"]
[Black "Hoffman, Alejandro"]
[Result "1/2-1/2"]
[WhiteElo "2475"]
[BlackElo "2476"]
[Annotator "CB"]
[PlyCount "98"]
[EventDate "2016.01.08"]
[EventType "swiss"]
[EventRounds "9"]
[EventCountry "ESP"]
[SourceTitle "CBM 170 Extra"]
[Source "ChessBase"]
[SourceDate "2016.02.25"]
[SourceVersion "1"]
[SourceVersionDate "2016.02.25"]
[SourceQuality "1"]

1. e4 e6 2. d4 d5 3. Nc3 dxe4 4. Nxe4 Nd7 5. Nf3 Ngf6 6. Nxf6+ Nxf6 7. c3 Be7
8. Bd3 O-O 9. Bg5 b6 10. Qc2 h6 11. h4 Bb7 12. O-O-O Bxf3 13. gxf3 Qd5 14. Rdg1
Kh8 {Diagrama [#]} 15. Be4 Nxe4 16. Bxe7 Nd6 17. Rxg7 (17. Bxf8 Rxf8 18. Kb1
$16) 17... Nf5 (17... Kxg7 18. Rg1+ $18) 18. Bxf8 Nxg7 19. Bxg7+ Kxg7 20. Rg1+
Kf6 21. Qe4 Rd8 22. Qf4+ Ke7 {Diagrama [#]} 23. Rg7 (23. Qxc7+ Rd7 24. Qf4 Qxa2
25. Rg7 Kd8 26. Rg8+ Ke7 27. Qxh6 $18) 23... Qf5 24. Qxf5 $6 (24. Qxc7+ Rd7 25.
Qc6 $18) 24... exf5 25. Rh7 $16 Rg8 26. Kd2 Rg2 27. Ke2 Rg1 28. Rxh6 Rb1 29. b4
(29. b3 Rb2+ 30. Ke3 Rxa2 31. h5 $18) 29... Rb2+ 30. Ke3 Rxa2 31. Rc6 $6 (31.
h5 f4+ 32. Kxf4 Rxf2 33. b5 Rh2 34. Rh8 Rb2 35. c4 Rd2 36. d5 Rc2 37. Kg5 $18)
31... Kd7 32. Rf6 Ke7 33. Rxf5 Rc2 34. Kd3 Rxf2 35. d5 (35. h5 f6 36. c4 Ke6
37. Ke4 Rh2 38. c5 $16) 35... a5 $14 36. bxa5 bxa5 37. Rf4 a4 {Diagrama [#]}
38. Rxa4 $6 (38. Ke3 Rc2 39. Re4+ Kd6 40. Rxa4 Kxd5 41. c4+ Ke5 42. f4+ Kf5 43.
Ra5+ Ke6 44. Kd4 Rh2 45. h5 $14) 38... Rxf3+ $11 39. Kc2 Kd6 40. Rd4 Rh3 41.
Kb3 Kc5 42. Kb2 Rh2+ 43. Ka3 Rh1 44. Kb3 Rh3 45. Rf4 Kxd5 46. Rxf7 Rxh4 47.
Rxc7 Kd6 48. Rc8 Kd7 49. Rc5 Kd6 1/2-1/2

[Event "Grenke Chess Classic 1st"]
[Site "Baden-Baden"]
[Date "2013.02.07"]
[Round "1"]
[White "Caruana, Fabiano"]
[Black "Meier, Georg"]
[Result "1-0"]
[WhiteElo "2757"]
[BlackElo "2640"]
[Annotator "Caruana,F"]
[PlyCount "71"]
[EventDate "2013.02.07"]
[EventType "tourn"]
[EventRounds "10"]
[EventCountry "GER"]
[EventCategory "19"]
[SourceTitle "CBM 153"]
[Source "ChessBase"]
[SourceDate "2013.03.14"]
[SourceVersion "1"]
[SourceVersionDate "2013.03.14"]
[SourceQuality "1"]

1. e4 e6 2. d4 d5 3. Nc3 dxe4 4. Nxe4 Nd7 5. Nf3 Ngf6 6. Nxf6+ Nxf6 7. Be3 Nd5
8. Bd2 c5 9. Bb5+ Bd7 10. Bxd7+ Qxd7 11. c4 Nb6 12. Rc1 f6 {So far we've been
following theory. This last move looks a little bit strange, but it makes
sense to prevent Ne5. Georg had played it before so I had checked it a bit
before the game.} ({If Black plays a standard move like} 12... Be7 13. dxc5
Bxc5 14. b4 Be7 15. c5 Nd5 16. Ne5 Qc7 17. Qa4+ {he will be forced to move his
king.}) 13. O-O {In another game White took on c5 immediately, but I see no
reason to facilitate Black's development.} cxd4 14. Re1 Rc8 15. Qb3 {
Indirectly attacking e6 and preparing to play c5.} ({After} 15. Qe2 e5 {
the sacrifice doesn't offer much:} 16. Nxe5 fxe5 17. Qxe5+ Kf7 {, and Black's
king escapes.}) 15... Be7 {I hadn't expected this because I thought it would
be very dangerous for Black to play with his king in the center. However, as
the game shows, the move isn't a mistake.} (15... e5 $2 16. Nxe5 fxe5 17. Rxe5+
{is devastating now.}) ({After} 15... Kf7 16. Qd3 {the position is very
unclear, but White will have long-term compensation. I don't plan on capturing
on d4 immediately, first I'll try to kick Black's knight with b4 and c5.}) 16.
c5 Rxc5 (16... Nd5 $2 17. Nxd4 e5 18. Nb5 {leaves Black's knight hanging on d5.
} Bxc5 (18... O-O 19. Nd6 {wins}) 19. Red1 {, and Black is losing material.})
17. Rxc5 Bxc5 18. Rxe6+ Kd8 19. Re1 {It's actually only here that my
preparation finished. I thought that White's initiative is very unpleasant to
face, but over the board I realized Black has a lot of defensive resources.
Objectively it's very likely he can defend.} Qd5 20. Qd3 Nd7 $6 {This move is
too slow and doesn't meet the demands of the position.} ({Black has to think
about how to get his king to safety as fast as possible, so} 20... Kc8 $1 {
was logical and correct.} 21. Bf4 (21. Rc1 Kb8 {leads nowhere.}) 21... Bd6 22.
Bxd6 Qxd6 23. Nxd4 Kb8 {is slightly better for White but no more.}) 21. b4 Bb6
22. a4 a6 $2 {Another careless move.} ({Black urgently had to trade rooks with
} 22... Re8 {, with good chances to defend. If} 23. Rc1 Re4 $1 {is a
satisfactory response.}) 23. a5 Ba7 $2 {Surprisingly, this is already the
losing move.} ({However, Black is already in deep trouble. For example,} 23...
Bc7 24. Nxd4 Kc8 25. Rc1 Kb8 26. Be3 Ne5 27. Qe2 {, and Black will come under
a strong attack after b5.}) 24. Bf4 $1 {A nice position. Black can hardly move!
} Nb8 ({Georg mentioned a nice variation after the game:} 24... g5 25. Bg3 g4
26. Qe2 $1 gxf3 27. Qe7+ Kc8 28. Qe8+ Rxe8 29. Rxe8#) ({I was mainly concerned
about the logical} 24... Nf8 {, transferring the knight to e6, after which
White has to find} 25. Qc2 $1 Ne6 (25... Qc6 26. Qb3 {, and next Rc1 finishes
Black off.}) 26. Rxe6 $1 Qxe6 27. Qc7+ Ke8 28. Qxb7 {, and Black will lose his
bishop, with a hopeless position.}) 25. Bxb8 Bxb8 26. Nxd4 {The material
balance has been restored, but Black's king is still stuck in the center. I
could have finished it off faster, but the advantage is so overwhelming it's
hard to ruin it, even for me!} Qd6 27. Ne6+ Ke7 28. Nc5+ Kf7 29. Qc4+ Kg6 30.
g3 h5 31. Qe4+ Kh6 32. Qxb7 Qd2 33. Re7 Qd1+ 34. Kg2 h4 35. Qd7 Bd6 36. Ne4 {
A good start to the tournament. I wish I could say that about the rest of it.}
1-0